Differential equations, with applications and historical notes / (Record no. 1257)

MARC details
000 -LEADER
fixed length control field 01332nac a22003131i 4500
003 - CONTROL NUMBER IDENTIFIER
control field EG-ScBUE
005 - DATE AND TIME OF LATEST TRANSACTION
control field 20241015102034.0
008 - FIXED-LENGTH DATA ELEMENTS--GENERAL INFORMATION
fixed length control field 241015t1991 ii a f b 001 0 eng d
020 ## - INTERNATIONAL STANDARD BOOK NUMBER
International Standard Book Number 0070530718
020 ## - INTERNATIONAL STANDARD BOOK NUMBER
International Standard Book Number 9780070495098
040 ## - CATALOGING SOURCE
Original cataloging agency EG-ScBUE
Language of cataloging eng
Description conventions rda
Transcribing agency EG-ScBUE
Modifying agency EG-ScBUE
082 04 - DEWEY DECIMAL CLASSIFICATION NUMBER
Classification number 515.35
Item number SIM
Edition number 22
100 1# - MAIN ENTRY--PERSONAL NAME
Personal name Simmons, George Finlay,
Relator term author.
245 10 - TITLE STATEMENT
Title Differential equations, with applications and historical notes /
Statement of responsibility, etc George F. Simmons, professor of mathematics, Colorado College, with a new chapter on numerical methods by John S. Robertson, Department of Mathematical Sciences, United States Military Academy.
250 ## - EDITION STATEMENT
Edition statement Second edition.
264 #1 - PUBLICATION, DISTRIBUTION, ETC. (IMPRINT)
Place of publication, distribution, etc New Delhi :
Name of publisher, distributor, etc Tata McGraw-Hill Publishing Company Limited,
Date of publication, distribution, etc [1991]
264 #4 - PUBLICATION, DISTRIBUTION, ETC. (IMPRINT)
Date of publication, distribution, etc c1991
300 ## - PHYSICAL DESCRIPTION
Extent xxi, 629 pages :
Other physical details illustrations ;
Dimensions 24 cm
336 ## - CONTENT TYPE
Source rdacontent
Content type term text
Content type code txt
337 ## - MEDIA TYPE
Media type term unmediated
Source rdamedia
Media type code n
338 ## - CARRIER TYPE
Carrier type term volume
Carrier type code nc
Source rdacarrier
504 ## - BIBLIOGRAPHY, ETC. NOTE
Bibliography, etc Includes bibliographical references and index.
650 #7 - SUBJECT ADDED ENTRY--TOPICAL TERM
Topical term or geographic name as entry element Differential equations.
Source of heading or term BUEsh
655 ## - INDEX TERM--GENRE/FORM
Form subdivision Reading book
700 1# - ADDED ENTRY--PERSONAL NAME
Personal name Robertson, John S.,
Relator term author.
856 42 - ELECTRONIC LOCATION AND ACCESS
Materials specified Publisher description
Uniform Resource Identifier <a href="http://www.loc.gov/catdir/description/mh022/90033686.html">http://www.loc.gov/catdir/description/mh022/90033686.html</a>
856 42 - ELECTRONIC LOCATION AND ACCESS
Materials specified Table of contents
Uniform Resource Identifier <a href="http://www.loc.gov/catdir/toc/mh021/90033686.html">http://www.loc.gov/catdir/toc/mh021/90033686.html</a>
942 ## - ADDED ENTRY ELEMENTS (KOHA)
Koha item type Book - Borrowing
Source of classification or shelving scheme Dewey Decimal Classification
Holdings
Withdrawn status Lost status Damaged status Not for loan Home library Current library Shelving location Date acquired Source of acquisition Total Checkouts Full call number Barcode Date last seen Price effective from Koha item type
        Central Library Central Library First floor 30/08/2006 Purchase   515.35 SIM 000003222 15/07/2025 30/08/2006 Book - Borrowing